000 00655nam a2200241 i 4500
001 C2-0132503
003 PPAK
005 20180727122959.0
008 971025s1992 xxka|||| ||||| | eng d
020 _a0750013532
040 _aPPAK
_beng
_cPPAK
_erda
082 0 4 _a728
_223
090 0 0 _a728
_bVEN
_dG
100 1 _aVentura, Piero,
_eauthor
245 1 0 _aHouses through the ages
264 1 _aHemel Hempstead :
_bSimon & Schuster Young Books ,
_c1992
300 _a64 pages :
_billustrations ;
_c28 cm
336 _2rdacontent
_atext
337 _2rdamedia
_aunmediated
338 _2rdacarrier
_avolume
650 1 0 _aDwellings.
942 _ddc
_cB
999 _c41499
_d41499